[Event "Titled Tuesday intern op 21st Feb Early"]
[Site "Chess.com INT"]
[Date "2023.02.21"]
[Round "4"]
[White "Babikov, Ivan"]
[Black "Kramnik, Vladimir"]
[Result "0-1"]
[WhiteElo "2239"]
[BlackElo "2753"]
[PlyCount "123"]
[EventDate "2023.02.21"]
[EventType "swiss (blitz)"]
[EventRounds "11"]
[EventCountry "USA"]
[SourceTitle "CBM 212 Extra"]
[Source "ChessBase"]
[SourceDate "2023.03.31"]
[SourceVersion "1"]
[SourceVersionDate "2023.03.31"]
[SourceQuality "1"]

1. Nf3 Nf6 2. g3 b6 3. Bg2 Bb7 4. 0-0 c5 5. d4 cxd4 6. Nxd4 Bxg2 7. Kxg2 Qc8 8. b3 g6 9. Bb2 Bg7 10. Nd2 0-0 11. N2f3 Qb7 12. Kg1 b5 13. Qd3 a6 14. Rfe1 Nc6 15. e4 d6 16. Nxc6 Qxc6 17. e5 dxe5 18. Nxe5 Qc7 19. Rac1 Ng4 20. Nxg4 Bxb2 21. Rb1 Bg7 22. Rbc1 b4 23. Ne3 e6 24. Qc4 Qb7 25. Red1 Rac8 26. Qf4 Rc3 27. Nc4 Rf3 28. Qd6 h5 29. Qd7 Qa8 30. h4 Bc3 31. Qd6 Rf5 32. Qd3 Rd5 33. Qe2 Qc6 34. Rxd5 exd5 35. Ne3 Re8 36. Qd3 d4 37. Nc4 Re4 38. Na5 Qe6 39. Nc4 g5 40. hxg5 h4 41. Kg2 hxg3 42. Rh1 gxf2 43. Kxf2 Rf4+ 44. Kg2 Qg4+ 45. Qg3 Qe2+ 46. Kh3 Rf3 47. Rg1 Rxg3+ 48. Rxg3 Qxc2 49. g6 fxg6 50. Ne5 Kg7 51. Nxg6 Qf5+ 52. Kh4 Qxg6 53. Rxg6+ Kxg6 54. Kg3 d3 55. Kf2 Kf5 56. Ke3 d2 57. Kd3 Kf4 58. Kc4 d1Q 59. a4 bxa3 60. b4 a2 61. b5 axb5+ 62. Kc5 0-1

[Event "Titled Tuesday intern op 21st Feb Early"]
[Site "Chess.com INT"]
[Date "2023.02.21"]
[Round "8"]
[White "Babikov, Ivan"]
[Black "Nadanian, Ashot S"]
[Result "0-1"]
[WhiteElo "2239"]
[BlackElo "2279"]
[PlyCount "186"]
[EventDate "2023.02.21"]
[EventType "swiss (blitz)"]
[EventRounds "11"]
[EventCountry "USA"]
[SourceTitle "CBM 212 Extra"]
[Source "ChessBase"]
[SourceDate "2023.03.31"]
[SourceVersion "1"]
[SourceVersionDate "2023.03.31"]
[SourceQuality "1"]

1. Nf3 d5 2. g3 c5 3. Bg2 Nc6 4. d4 Nf6 5. 0-0 cxd4 6. Nxd4 Na5 7. Nc3 e5 8. Ndb5 a6 9. Na3 Be6 10. Bg5 d4 11. Ne4 Rc8 12. Nxf6+ gxf6 13. Bd2 Nc6 14. c3 Qd7 15. Nc2 d3 16. exd3 Qxd3 17. Be3 Qf5 18. Qe2 h5 19. h4 Be7 20. Rad1 Qg4 21. Bf3 Qc4 22. Qxc4 Bxc4 23. Rfe1 Bxa2 24. Bd5 Bxd5 25. Rxd5 Rd8 26. Red1 Rxd5 27. Rxd5 Bf8 28. Bb6 Ke7 29. Ne3 Ke6 30. Rd1 Bh6 31. Nd5 Rc8 32. Nc7+ Kf5 33. Rd7 Bc1 34. b3 Kg6 35. Nd5 Rb8 36. c4 Bb2 37. Rd6 e4 38. Bc7 Re8 39. Nf4+ Kf5 40. Rd5+ Be5 41. Nxh5 Rg8 42. Nf4 Nb4 43. Ra5 Nc6 44. Rd5 Ne7 45. Ra5 Rc8 46. Bxe5 fxe5 47. Ne2 Nc6 48. Rc5 Ke6 49. Nc3 b6 50. Rd5 Nb4 51. Rd1 f5 52. Kg2 Nd3 53. Nd5 b5 54. Nb6 Rc6 55. Nd5 bxc4 56. bxc4 Rxc4 57. Ne3 Rb4 58. h5 Rb2 59. h6 Nxf2 60. Rc1 Nd3+ 61. Rc2 Rxc2+ 62. Nxc2 Kf6 63. Ne3 f4 64. Nd5+ Kg6 65. h7 Kxh7 66. Nf6+ Kg6 67. Nxe4 Kf5 68. Nd6+ Ke6 69. Nc4 fxg3 70. Kxg3 Nf4 71. Kf3 Nd5 72. Ke4 Nf6+ 73. Ke3 Kd5 74. Nb6+ Kc5 75. Na4+ Kb5 76. Nc3+ Kc6 77. Na4 Nd5+ 78. Ke4 Kd6 79. Nb2 Nc3+ 80. Kd3 Nb5 81. Ke4 Ke6 82. Nc4 Nd6+ 83. Nxd6 Kxd6 84. Kf5 Kd5 85. Kf6 e4 86. Kg7 e3 87. Kh8 e2 88. Kg8 e1Q 89. Kg7 Qf1 90. Kh7 Ke6 91. Kg8 Ke7 92. Kh8 Kf7 93. Kh7 Qh1# 0-1

[Event "Titled Tuesday intern op 21st Feb Early"]
[Site "Chess.com INT"]
[Date "2023.02.21"]
[Round "5"]
[White "Babikov, Ivan"]
[Black "Schut, Han"]
[Result "1-0"]
[WhiteElo "2239"]
[BlackElo "2101"]
[PlyCount "55"]
[EventDate "2023.02.21"]
[EventType "swiss (blitz)"]
[EventRounds "11"]
[EventCountry "USA"]
[SourceTitle "CBM 212 Extra"]
[Source "ChessBase"]
[SourceDate "2023.03.31"]
[SourceVersion "1"]
[SourceVersionDate "2023.03.31"]
[SourceQuality "1"]

1. Nf3 Nf6 2. g3 g6 3. Bg2 Bg7 4. 0-0 0-0 5. d4 d5 6. c4 dxc4 7. Na3 c3 8. bxc3 c5 9. e3 Nc6 10. Bb2 Qb6 11. Qe2 Bf5 12. Nh4 Bd3 13. Qxd3 Qxb2 14. Nc4 Qb5 15. Rab1 Qa6 16. Ne5 Qxa2 17. Nxc6 bxc6 18. Bxc6 Rac8 19. Bg2 cxd4 20. cxd4 Rc7 21. Rfc1 Rfc8 22. Rxc7 Rxc7 23. Nf3 h6 24. Ne5 e6 25. Qb5 Kh7 26. Qd3 a5 27. Nc6 a4 28. Nb4 1-0

[Event "Titled Tuesday intern op 21st Feb Early"]
[Site "Chess.com INT"]
[Date "2023.02.21"]
[Round "2"]
[White "Jaivardhan, Raja Pilla"]
[Black "Babikov, Ivan"]
[Result "0-1"]
[WhiteElo "1901"]
[BlackElo "2239"]
[PlyCount "185"]
[EventDate "2023.02.21"]
[EventType "swiss (blitz)"]
[EventRounds "11"]
[EventCountry "USA"]
[SourceTitle "CBM 212 Extra"]
[Source "ChessBase"]
[SourceDate "2023.03.31"]
[SourceVersion "1"]
[SourceVersionDate "2023.03.31"]
[SourceQuality "1"]

1. d4 d5 2. Nf3 Nf6 3. Bf4 c5 4. c3 Nc6 5. e3 Qb6 6. Qb3 c4 7. Qc2 Bf5 8. Qc1 e6 9. Be2 Nh5 10. Bg3 Nxg3 11. hxg3 Bd6 12. Nbd2 h6 13. Bd1 Rc8 14. Bc2 Bxc2 15. Qxc2 e5 16. dxe5 Nxe5 17. Nxe5 Bxe5 18. Nf3 Bf6 19. Rd1 Rd8 20. Qa4+ Kf8 21. Qa3+ Be7 22. b4 Bf6 23. Nd4 g6 24. Qc1 Kg7 25. a3 Rhe8 26. 0-0 h5 27. Qd2 h4 28. gxh4 Bxh4 29. Qe2 Bf6 30. Qg4 Rh8 31. Nf5+ Kf8 32. Nd4 Qd6 33. g3 Rh5 34. Kg2 Kg7 35. Rh1 Rdh8 36. Rxh5 Rxh5 37. Rh1 Rxh1 38. Kxh1 a5 39. Qc8 axb4 40. axb4 Bxd4 41. exd4 Qe7 42. Kg2 Qe4+ 43. Kh2 Qc2 44. Qxb7 Qxf2+ 45. Kh3 Qf5+ 46. g4 Qd3+ 47. Kg2 Qc2+ 48. Kg1 Qc1+ 49. Kg2 Qd2+ 50. Kg1 Qxc3 51. Qxd5 Qxb4 52. Qe5+ Kh7 53. Qh2+ Kg8 54. Qe2 c3 55. Qe8+ Kg7 56. Qe5+ Kh7 57. Qh2+ Kg8 58. Qe2 Qb1+ 59. Kf2 c2 60. Qe8+ Kg7 61. Qe5+ Kh7 62. Qf6 Qb7 63. Qh4+ Kg7 64. Qg5 Qb2 65. Qe5+ Kh7 66. Qh2+ Kg8 67. Qg3 c1Q+ 68. Kf3 Qcc3+ 69. Kf4 Qxg3+ 70. Kxg3 Qxd4 71. Kh3 g5 72. Kg3 Qf4+ 73. Kh3 Qxg4+ 74. Kxg4 f6 75. Kf5 Kf7 76. Kg4 Kg6 77. Kg3 f5 78. Kf3 g4+ 79. Kf4 Kf6 80. Kg3 Kg5 81. Kg2 Kf4 82. Kf2 g3+ 83. Kg2 Kg4 84. Kg1 f4 85. Kg2 f3+ 86. Kg1 g2 87. Kf2 Kh3 88. Kg1 f2+ 89. Kxf2 Kh2 90. Kf3 g1Q 91. Kf4 Qg2 92. Kf5 Qg3 93. Kf6 0-1

[Event "Titled Tuesday intern op 14th Feb Early"]
[Site "Chess.com INT"]
[Date "2023.02.14"]
[Round "1"]
[White "Babikov, Ivan"]
[Black "Remizov, Yaroslav"]
[Result "0-1"]
[WhiteElo "2239"]
[BlackElo "2396"]
[PlyCount "124"]
[EventDate "2023.02.14"]
[EventType "swiss (blitz)"]
[EventRounds "11"]
[EventCountry "USA"]
[SourceTitle "CBM 212 Extra"]
[Source "ChessBase"]
[SourceDate "2023.03.31"]
[SourceVersion "1"]
[SourceVersionDate "2023.03.31"]
[SourceQuality "1"]

1. Nf3 d5 2. g3 Bg4 3. Bg2 Nd7 4. d4 Ngf6 5. 0-0 e6 6. c4 c6 7. h3 Bxf3 8. Bxf3 Be7 9. Nc3 0-0 10. b3 a5 11. Bb2 h6 12. Qc2 Qc7 13. Rad1 Rac8 14. e4 dxe4 15. Nxe4 Nxe4 16. Bxe4 Nf6 17. Bg2 Rfd8 18. Rfe1 Bb4 19. Bc3 Bxc3 20. Qxc3 b5 21. Rc1 b4 22. Qb2 c5 23. dxc5 Qxc5 24. Rcd1 a4 25. Rd2 a3 26. Qc2 Rd4 27. Rxd4 Qxd4 28. Rd1 Qe5 29. Qd2 Rb8 30. Qd6 Qxd6 31. Rxd6 Ne8 32. Rd7 Nf6 33. Rd6 Kf8 34. c5 Rc8 35. c6 Nd5 36. Bxd5 exd5 37. Rxd5 Rxc6 38. Rb5 Rc2 39. Rxb4 Rxa2 40. Ra4 Ke7 41. Ra7+ Ke6 42. b4 Kd5 43. Rxf7 Rb2 44. Ra7 a2 45. Kg2 Kc4 46. b5 Kxb5 47. Kf3 Kc4 48. Ke3 Kc3 49. Rc7+ Kb3 50. Ra7 Rb1 51. Rb7+ Kc4 52. Rc7+ Kd5 53. Ra7 a1Q 54. Rxa1 Rxa1 55. Kf4 Ke6 56. Kg4 Ra4+ 57. f4 Kf6 58. Kh5 g5 59. fxg5+ hxg5 60. h4 gxh4 61. gxh4 Rb4 62. Kh6 Rxh4# 0-1

[Event "Titled Tuesday intern op 14th Feb Early"]
[Site "Chess.com INT"]
[Date "2023.02.14"]
[Round "2"]
[White "Thiel, Thomas"]
[Black "Babikov, Ivan"]
[Result "0-1"]
[WhiteElo "2241"]
[BlackElo "2239"]
[PlyCount "24"]
[EventDate "2023.02.14"]
[EventType "swiss (blitz)"]
[EventRounds "11"]
[EventCountry "USA"]
[SourceTitle "CBM 212 Extra"]
[Source "ChessBase"]
[SourceDate "2023.03.31"]
[SourceVersion "1"]
[SourceVersionDate "2023.03.31"]
[SourceQuality "1"]

1. e4 c5 2. Nc3 g6 3. d4 Bg7 4. dxc5 Qa5 5. Nge2 Qxc5 6. Be3 Qa5 7. Bd4 Bxd4 8. Qxd4 Nf6 9. 0-0-0 Nc6 10. Qd2 d6 11. Kb1 Be6 12. Nd4 Nxe4 0-1

[Event "Titled Tuesday intern op 14th Feb Early"]
[Site "Chess.com INT"]
[Date "2023.02.14"]
[Round "11"]
[White "Tinmaz, Kerem"]
[Black "Babikov, Ivan"]
[Result "1/2-1/2"]
[WhiteElo "2177"]
[BlackElo "2239"]
[PlyCount "151"]
[EventDate "2023.02.14"]
[EventType "swiss (blitz)"]
[EventRounds "11"]
[EventCountry "USA"]
[SourceTitle "CBM 212 Extra"]
[Source "ChessBase"]
[SourceDate "2023.03.31"]
[SourceVersion "1"]
[SourceVersionDate "2023.03.31"]
[SourceQuality "1"]

1. e4 c5 2. Nc3 g6 3. d4 Bg7 4. dxc5 Qa5 5. Bd2 Qxc5 6. Nd5 Na6 7. Bxa6 bxa6 8. Bc3 Bxc3+ 9. Nxc3 Bb7 10. Nf3 e6 11. 0-0 Ne7 12. Qd3 d5 13. Rfe1 0-0 14. Rad1 Rfd8 15. e5 Nf5 16. Qd2 Rac8 17. Qg5 d4 18. Ne4 Bxe4 19. Rxe4 Qxc2 20. Rde1 d3 21. g4 d2 22. Nxd2 Rxd2 23. gxf5 Rxf2 24. f6 Rxh2 25. Qg3 Rd2 26. Qh3 Qxe4 27. Rxe4 Rc1+ 28. Qf1 Rxf1+ 29. Kxf1 Rxb2 30. Ra4 h5 31. Rxa6 h4 32. Rxa7 h3 33. Kg1 g5 34. Ra3 h2+ 35. Kh1 Kh7 36. Rh3+ Kg6 37. Rxh2 Rb1+ 38. Kg2 Kf5 39. Rh7 Rb2+ 40. Kf3 Rxa2 41. Rxf7 g4+ 42. Kg3 Ra3+ 43. Kg2 Kxe5 44. Rg7 Kxf6 45. Rxg4 Kf5 46. Rb4 e5 47. Kf2 e4 48. Ke2 Kf4 49. Rc4 Ra2+ 50. Ke1 Kf3 51. Rc8 Ra1+ 52. Kd2 e3+ 53. Kd3 Rd1+ 54. Kc2 Ke2 55. Re8 Rd2+ 56. Kc1 Rd6 57. Kc2 Rc6+ 58. Kb2 Kd2 59. Rd8+ Ke1 60. Re8 e2 61. Kb1 Rc5 62. Kb2 Kd2 63. Rd8+ Ke3 64. Re8+ Kd2 65. Rd8+ Ke1 66. Re8 Rc4 67. Kb3 Rc7 68. Re6 Rc1 69. Kb2 Rc5 70. Kb3 Rf5 71. Kc3 Rd5 72. Kc2 Rd7 73. Re8 Rc7+ 74. Kb2 Rc4 75. Kb3 Rc5 76. Kb2 1/2-1/2

[Event "Titled Tuesday intern op 07th Feb Early"]
[Site "Chess.com INT"]
[Date "2023.02.07"]
[Round "8"]
[White "Babikov, Ivan"]
[Black "Perez Gormaz, Matias Ariel"]
[Result "1-0"]
[WhiteElo "2239"]
[BlackElo "2421"]
[PlyCount "105"]
[EventDate "2023.02.07"]
[EventType "swiss (blitz)"]
[EventRounds "11"]
[EventCountry "USA"]
[SourceTitle "EXT 2024"]
[Source "ChessBase"]
[SourceDate "2023.10.10"]
[SourceVersion "1"]
[SourceVersionDate "2023.10.10"]
[SourceQuality "1"]

1. Nf3 d5 2. g3 Nd7 3. d4 Nb6 4. Bg2 Bf5 5. 0-0 h6 6. b3 c6 7. Bb2 e6 8. Nbd2 Nf6 9. c4 Be7 10. Ne5 0-0 11. Ndf3 a5 12. Rc1 a4 13. c5 Nbd7 14. b4 a3 15. Ba1 Nxe5 16. Nxe5 Bh7 17. Qb3 Ne8 18. b5 f6 19. Nd3 Nc7 20. b6 Nb5 21. Bh3 Bf5 22. Bxf5 exf5 23. Nf4 Qd7 24. Rfd1 Rfe8 25. Qf3 g5 26. Nd3 Bf8 27. h4 Ra4 28. e3 Rc4 29. Rxc4 dxc4 30. Nb4 g4 31. Qe2 Qf7 32. d5 Bxc5 33. Qxc4 Bxb6 34. Nxc6 bxc6 35. Qxc6 Bxe3 36. fxe3 Na7 37. Qxf6 Qxf6 38. Bxf6 Kf7 39. Bd4 Nb5 40. Bc5 Rc8 41. d6 Ke6 42. d7 Rd8 43. Bf8 h5 44. Bh6 Rxd7 45. Rb1 Nc3 46. Rb3 Rd1+ 47. Kg2 Rd2+ 48. Kg1 Ne4 49. Rxa3 Nxg3 50. Bf4 Ne2+ 51. Kf1 Nd4 52. exd4 Kd5 53. Bxd2 1-0

[Event "Titled Tuesday intern op 07th Feb Early"]
[Site "Chess.com INT"]
[Date "2023.02.07"]
[Round "2"]
[White "Bodnaruk, Anastasia"]
[Black "Babikov, Ivan"]
[Result "0-1"]
[WhiteElo "2343"]
[BlackElo "2239"]
[PlyCount "42"]
[EventDate "2023.02.07"]
[EventType "swiss (blitz)"]
[EventRounds "11"]
[EventCountry "USA"]
[SourceTitle "EXT 2024"]
[Source "ChessBase"]
[SourceDate "2023.10.10"]
[SourceVersion "1"]
[SourceVersionDate "2023.10.10"]
[SourceQuality "1"]

1. e4 c5 2. Nc3 d6 3. Nge2 Nc6 4. d4 cxd4 5. Nxd4 Nxd4 6. Qxd4 Nf6 7. Bg5 h6 8. Bxf6 gxf6 9. 0-0-0 Be6 10. f4 Qb6 11. Bb5+ Bd7 12. Bxd7+ Kxd7 13. Qd3 Bg7 14. Nd5 Qa5 15. Kb1 Rac8 16. Rhf1 Qa6 17. Qh3+ e6 18. Rf3 Qe2 19. Ne3 Rxc2 20. Ka1 Qxd1+ 21. Nxd1 Rc1# 0-1

[Event "Titled Tuesday intern op 31st Jan Early"]
[Site "Chess.com INT"]
[Date "2023.01.31"]
[Round "1"]
[White "Babikov, Ivan"]
[Black "Aradhya, Garg"]
[Result "0-1"]
[WhiteElo "2239"]
[BlackElo "2325"]
[PlyCount "122"]
[EventDate "2023.01.31"]
[EventType "swiss (blitz)"]
[EventRounds "11"]
[EventCountry "USA"]
[SourceTitle "CBM 212 Extra"]
[Source "ChessBase"]
[SourceDate "2023.03.31"]
[SourceVersion "1"]
[SourceVersionDate "2023.03.31"]
[SourceQuality "1"]

1. d4 d5 2. c4 c6 3. Nc3 Nf6 4. Nf3 dxc4 5. a4 Bf5 6. e3 e6 7. Bxc4 Bb4 8. 0-0 0-0 9. Ne5 Nbd7 10. Nxd7 Qxd7 11. Bd3 e5 12. Bxf5 Qxf5 13. dxe5 Qxe5 14. Qb3 a5 15. Bd2 Rad8 16. Rfd1 Rd7 17. Be1 Bd6 18. g3 Rfd8 19. Ne2 Qh5 20. Nf4 Bxf4 21. Rxd7 Rxd7 22. exf4 h6 23. Qc3 Rd5 24. Qb3 Qh3 25. Qf3 h5 26. Bc3 Qf5 27. Re1 Rd3 28. Qe2 Rd8 29. Qe7 Rd7 30. Qe5 Qxe5 31. Rxe5 Rd5 32. Rxd5 Nxd5 33. Bxa5 f5 34. Kg2 Kf7 35. Kf3 Ke6 36. Bc3 g6 37. Be5 Nb6 38. b3 Kd5 39. Bc7 Nd7 40. Ke3 Nc5 41. Kd2 Nxb3+ 42. Kc3 Nc5 43. a5 Ne4+ 44. Kd3 Nxf2+ 45. Ke2 Ne4 46. Bb6 c5 47. Kd3 c4+ 48. Kc2 Kc6 49. Bd8 Kb5 50. Bc7 Nc5 51. Kc3 Nb3 52. Bd8 Nxa5 53. Kd4 Nc6+ 54. Kd5 c3 55. Bf6 c2 56. Bb2 Kb4 57. Ke6 Kb3 58. Bc1 Nb4 59. Kf6 Nd3 60. Be3 Kc4 61. Kxg6 b5 0-1

[Event "Titled Tuesday intern op 31st Jan Early"]
[Site "Chess.com INT"]
[Date "2023.01.31"]
[Round "3"]
[White "Babikov, Ivan"]
[Black "Arenas Vanegas, David"]
[Result "0-1"]
[WhiteElo "2239"]
[BlackElo "2425"]
[PlyCount "110"]
[EventDate "2023.01.31"]
[EventType "swiss (blitz)"]
[EventRounds "11"]
[EventCountry "USA"]
[SourceTitle "CBM 212 Extra"]
[Source "ChessBase"]
[SourceDate "2023.03.31"]
[SourceVersion "1"]
[SourceVersionDate "2023.03.31"]
[SourceQuality "1"]

1. d4 Nf6 2. Bg5 e6 3. e4 h6 4. Bxf6 Qxf6 5. c3 d6 6. Bd3 e5 7. Ne2 Nd7 8. 0-0 Qd8 9. f4 Be7 10. Nd2 0-0 11. Nc4 c6 12. dxe5 dxe5 13. fxe5 Nc5 14. Bc2 Bg4 15. Qxd8 Raxd8 16. Nd4 Ne6 17. Nf5 Bc5+ 18. Kh1 Be2 19. Rae1 Bxc4 20. Rf3 Rd2 21. Bb3 Bxb3 22. axb3 Rfd8 23. b4 Rd1 24. Ref1 Rxf1+ 25. Rxf1 Bf8 26. Ne3 g6 27. h3 Bg7 28. Nc4 Ng5 29. Nd6 Rd7 30. h4 Ne6 31. Ra1 Bxe5 32. Nc4 Bb8 33. e5 Kg7 34. Rf1 a6 35. Rf2 b5 36. Nb6 Rd1+ 37. Kh2 Bxe5+ 38. g3 c5 39. Re2 f6 40. Nc8 Kf7 41. Na7 cxb4 42. cxb4 Rb1 43. Nc6 Nd4 44. Nxe5+ fxe5 45. Rxe5 Nf3+ 46. Kh3 Nxe5 47. h5 g5 48. g4 Rxb2 49. Kg3 Rxb4 50. Kh2 Rxg4 51. Kh1 b4 52. Kh2 b3 53. Kh3 b2 54. Kh2 b1Q 55. Kh3 Qh1# 0-1

[Event "Titled Tuesday intern op 31st Jan Early"]
[Site "Chess.com INT"]
[Date "2023.01.31"]
[Round "5"]
[White "Babikov, Ivan"]
[Black "Nasta, Kiren Vivek"]
[Result "1-0"]
[WhiteElo "2239"]
[BlackElo "1922"]
[PlyCount "95"]
[EventDate "2023.01.31"]
[EventType "swiss (blitz)"]
[EventRounds "11"]
[EventCountry "USA"]
[SourceTitle "CBM 212 Extra"]
[Source "ChessBase"]
[SourceDate "2023.03.31"]
[SourceVersion "1"]
[SourceVersionDate "2023.03.31"]
[SourceQuality "1"]

1. d4 Nf6 2. Bg5 Ne4 3. Bf4 c5 4. e3 d5 5. Nf3 Nc6 6. c3 Qb6 7. Qc1 Bf5 8. Nbd2 h6 9. Be2 e6 10. 0-0 Be7 11. Nxe4 Bxe4 12. Qd2 0-0 13. Ne5 Nxe5 14. Bxe5 Bd6 15. Bg3 Bxg3 16. hxg3 Qc7 17. Rfd1 Rfd8 18. Rac1 e5 19. dxe5 Qxe5 20. Bd3 Rac8 21. Qe2 Bxd3 22. Qxd3 Rc6 23. Rd2 Rcd6 24. Rcd1 d4 25. cxd4 cxd4 26. exd4 Rxd4 27. Qxd4 Rxd4 28. Rxd4 Qb5 29. R1d2 Kh7 30. Rd7 Qc4 31. R7d4 Qxa2 32. Rd7 Qc4 33. Kh2 Qb4 34. Re2 Qb5 35. Ree7 Qxb2 36. Rxb7 Qxf2 37. Rxf7 Qd4 38. Rxa7 Qc3 39. Rxg7+ Qxg7 40. Rxg7+ Kxg7 41. Kh3 Kh7 42. Kh4 Kg6 43. Kg4 Kf6 44. Kh5 Kg7 45. g4 Kh7 46. g5 hxg5 47. Kxg5 Kg8 48. Kg6 1-0

[Event "Titled Tuesday intern op 31st Jan Early"]
[Site "Chess.com INT"]
[Date "2023.01.31"]
[Round "9"]
[White "Babikov, Ivan"]
[Black "Thomas, Anysia"]
[Result "1-0"]
[WhiteElo "2239"]
[BlackElo "2174"]
[PlyCount "79"]
[EventDate "2023.01.31"]
[EventType "swiss (blitz)"]
[EventRounds "11"]
[EventCountry "USA"]
[SourceTitle "CBM 212 Extra"]
[Source "ChessBase"]
[SourceDate "2023.03.31"]
[SourceVersion "1"]
[SourceVersionDate "2023.03.31"]
[SourceQuality "1"]

1. d4 Nf6 2. Bg5 d5 3. Bxf6 gxf6 4. e3 c5 5. dxc5 Nc6 6. Nf3 e5 7. c4 d4 8. exd4 exd4 9. Bd3 Bxc5 10. 0-0 Be6 11. b3 Qd6 12. Nbd2 f5 13. Re1 0-0-0 14. Nf1 Rhg8 15. Ng3 Qd7 16. Kh1 Bb6 17. Nh5 Rg6 18. Nf4 Rh6 19. Qe2 Re8 20. a3 Bc7 21. Qd2 Qd6 22. g3 Qf8 23. b4 Rf6 24. Re2 h5 25. b5 Nd8 26. Rae1 h4 27. Nxd4 hxg3 28. fxg3 Qc5 29. Ndxe6 fxe6 30. Qc3 Rh6 31. Qb4 Qb6 32. c5 Qa5 33. Rf1 Qxb4 34. axb4 e5 35. Bxf5+ Kb8 36. Nd5 Reh8 37. Nxc7 Kxc7 38. Rff2 Nf7 39. Bd3 Ng5 40. Rxe5 1-0

[Event "Titled Tuesday intern op 31st Jan Early"]
[Site "Chess.com INT"]
[Date "2023.01.31"]
[Round "2"]
[White "Paichadze, Luka"]
[Black "Babikov, Ivan"]
[Result "0-1"]
[WhiteElo "2514"]
[BlackElo "2239"]
[PlyCount "114"]
[EventDate "2023.01.31"]
[EventType "swiss (blitz)"]
[EventRounds "11"]
[EventCountry "USA"]
[SourceTitle "CBM 212 Extra"]
[Source "ChessBase"]
[SourceDate "2023.03.31"]
[SourceVersion "1"]
[SourceVersionDate "2023.03.31"]
[SourceQuality "1"]

1. e4 c5 2. b3 d6 3. Bb2 Nc6 4. Nf3 Nf6 5. e5 dxe5 6. Nxe5 Nxe5 7. Bxe5 g6 8. Nc3 Bg7 9. Qf3 0-0 10. h3 Be6 11. Bc4 Bxc4 12. bxc4 Qd7 13. Qe2 Rad8 14. d3 Nh5 15. Bxg7 Nxg7 16. 0-0 Nf5 17. Nd5 Rfe8 18. Rab1 b6 19. Rfe1 Nd4 20. Qd2 Qd6 21. Re4 Nf5 22. Rbe1 Rd7 23. g4 Nd4 24. Kg2 Kg7 25. c3 Ne6 26. f4 Nc7 27. Nxc7 Qxc7 28. f5 Qd6 29. d4 cxd4 30. cxd4 Qf6 31. Rf1 Red8 32. g5 Qc6 33. d5 Qd6 34. f6+ Kg8 35. Qe3 Re8 36. Re1 e6 37. dxe6 Rxe6 38. Rxe6 fxe6 39. Qxe6+ Qxe6 40. Rxe6 Rd2+ 41. Kf3 Rxa2 42. Re8+ Kf7 43. Re7+ Kg8 44. Ke4 Re2+ 45. Kd5 Rxe7 46. fxe7 Kf7 47. Kc6 Kxe7 48. Kb7 Kd6 49. Kxa7 Kc5 50. h4 Kxc4 51. Kxb6 Kd4 52. Kc6 Ke4 53. Kd6 Kf4 54. Ke6 Kg4 55. Kf6 Kxh4 56. Kg7 Kxg5 57. Kxh7 Kh5 0-1

[Event "Titled Tuesday intern op 03rd Jan Early"]
[Site "Chess.com INT"]
[Date "2023.01.03"]
[Round "4"]
[White "Babikov, Ivan"]
[Black "Berezin, Viktor1111"]
[Result "1-0"]
[WhiteElo "2239"]
[BlackElo "2307"]
[PlyCount "105"]
[EventDate "2023.01.03"]
[EventType "swiss (blitz)"]
[EventRounds "11"]
[EventCountry "USA"]
[SourceTitle "EXT 2024"]
[Source "ChessBase"]
[SourceDate "2023.10.10"]
[SourceVersion "1"]
[SourceVersionDate "2023.10.10"]
[SourceQuality "1"]

1. d4 Nf6 2. Nf3 g6 3. c4 Bg7 4. g3 0-0 5. Bg2 d6 6. 0-0 Nc6 7. b3 a6 8. Bb2 Rb8 9. Nbd2 b5 10. Rc1 bxc4 11. Nxc4 a5 12. d5 Nb4 13. a3 Nbxd5 14. Nxa5 Bd7 15. Nd4 Ra8 16. Ndc6 Qe8 17. Bxd5 e6 18. Bg2 d5 19. b4 Kh8 20. Ne5 Ba4 21. Qd2 Rc8 22. Nec6 h5 23. h4 Kh7 24. Qg5 Ne4 25. Bxe4 Bxb2 26. Rb1 Bg7 27. Bd3 Bxc6 28. Qxh5+ Kg8 29. Qg5 e5 30. Rfc1 Bd7 31. Ba6 Ra8 32. Bb7 Rb8 33. Rxc7 Bf5 34. Rbc1 d4 35. Qe7 Qb5 36. Bf3 d3 37. exd3 Qxd3 38. R7c3 Qd2 39. R1c2 Bxc2 40. Rc7 Bf5 41. Nc6 Rbe8 42. Qc5 e4 43. Bg2 e3 44. fxe3 Qxe3+ 45. Qxe3 Rxe3 46. b5 Rxa3 47. b6 Rb3 48. b7 Be5 49. Ne7+ Kg7 50. Nxf5+ gxf5 51. Rc8 Bb8 52. Bd5 Bd6 53. Bxb3 1-0

[Event "Titled Tuesday intern op 03rd Jan Early"]
[Site "Chess.com INT"]
[Date "2023.01.03"]
[Round "3"]
[White "Babikov, Ivan"]
[Black "Garv, Gaur"]
[Result "1-0"]
[WhiteElo "2239"]
[BlackElo "1896"]
[PlyCount "181"]
[EventDate "2023.01.03"]
[EventType "swiss (blitz)"]
[EventRounds "11"]
[EventCountry "USA"]
[SourceTitle "EXT 2024"]
[Source "ChessBase"]
[SourceDate "2023.10.10"]
[SourceVersion "1"]
[SourceVersionDate "2023.10.10"]
[SourceQuality "1"]

1. d4 Nf6 2. Nf3 d5 3. Bg5 c5 4. e3 Ne4 5. Bf4 Nc6 6. c3 Bf5 7. Bd3 e6 8. 0-0 Bd6 9. Bxd6 Qxd6 10. dxc5 Qxc5 11. Nd4 Bg6 12. Na3 0-0 13. Nac2 Rfd8 14. Qe2 e5 15. Nxc6 bxc6 16. f3 Nd6 17. Bxg6 hxg6 18. Nb4 Nf5 19. Rfe1 a5 20. Nd3 Qe7 21. e4 dxe4 22. fxe4 Nd6 23. Rad1 a4 24. Nb4 Qc7 25. Rd2 a3 26. b3 Nb5 27. Qe3 Rxd2 28. Qxd2 Rd8 29. Qe3 Qd6 30. h3 Qd2 31. Nxc6 Qxe3+ 32. Rxe3 Rd2 33. Nb4 Rd1+ 34. Kh2 Rc1 35. c4 Nd4 36. Rd3 Kf8 37. Rd2 Ke7 38. Nd5+ Kd6 39. Nb4 f6 40. Nd3 Rc3 41. Nb4 Rc1 42. Nd3 Rc2 43. Rxc2 Nxc2 44. Nc1 f5 45. exf5 gxf5 46. Kg3 g5 47. Kf3 e4+ 48. Ke2 Kc5 49. Kd2 Nb4 50. g3 Kd4 51. Ne2+ Ke5 52. Nc3 f4 53. gxf4+ gxf4 54. Ke2 f3+ 55. Kf2 Kd4 56. Nb5+ Kd3 57. Nxa3 e3+ 58. Kxf3 e2 59. Kf2 Nxa2 60. c5 Nc3 61. Nc4 Ne4+ 62. Ke1 Ng5 63. Nb2+ Ke3 64. Nc4+ Kd3 65. Ne5+ Ke4 66. c6 Kxe5 67. c7 Ke4 68. c8Q Ke3 69. Qe8+ Ne4 70. Qh5 Ng3 71. Qg5+ Kf3 72. Qxg3+ Kxg3 73. Kxe2 Kxh3 74. Kf3 Kh4 75. Kf4 Kh5 76. Kf5 Kh6 77. Kf6 Kh7 78. b4 Kh6 79. b5 Kh5 80. b6 Kg4 81. b7 Kf3 82. b8Q Ke3 83. Qb3+ Kd4 84. Qb4+ Kd5 85. Qf4 Kc5 86. Ke6 Kb5 87. Kd6 Ka5 88. Qc1 Kb6 89. Qb2+ Ka7 90. Kc7 Ka8 91. Qb8# 1-0

[Event "Titled Tuesday intern op 03rd Jan Early"]
[Site "Chess.com INT"]
[Date "2023.01.03"]
[Round "6"]
[White "Babikov, Ivan"]
[Black "Kvaloy, Aksel Bu"]
[Result "1/2-1/2"]
[WhiteElo "2239"]
[BlackElo "2233"]
[PlyCount "79"]
[EventDate "2023.01.03"]
[EventType "swiss (blitz)"]
[EventRounds "11"]
[EventCountry "USA"]
[SourceTitle "EXT 2024"]
[Source "ChessBase"]
[SourceDate "2023.10.10"]
[SourceVersion "1"]
[SourceVersionDate "2023.10.10"]
[SourceQuality "1"]

1. d4 Nf6 2. Bg5 c5 3. e3 cxd4 4. exd4 Qa5+ 5. Qd2 Qxd2+ 6. Nxd2 e6 7. c3 d5 8. Ngf3 Bd6 9. Bd3 Nbd7 10. 0-0 Rb8 11. a4 0-0 12. Rfe1 h6 13. Bh4 a6 14. Ne5 Be7 15. Bg3 Ra8 16. a5 Nxe5 17. Bxe5 Nd7 18. Bg3 h5 19. h3 h4 20. Bh2 Re8 21. Nf3 Nf8 22. Ne5 g5 23. b4 Kg7 24. Bc2 f6 25. Nd3 Bd7 26. Nc5 Bxc5 27. bxc5 Bc6 28. Bd6 Ng6 29. Re2 Bb5 30. Re3 Nh8 31. Rae1 Bd7 32. Rb1 Bc6 33. Rbe1 Kf7 34. Rb1 Ng6 35. Rbe1 f5 36. Rb1 Kf6 37. Be5+ Kf7 38. Bd6 Bb5 39. Bd3 Bc6 40. Bc2 1/2-1/2